Acta Environmentalica Universitatis Comenianae : Průmyslová ekologie II. Vědecké práce z konference

Enregistré dans:
Détails bibliographiques
Format: Publication en série
Tags: Ajouter un tag
Pas de tags, Soyez le premier à ajouter un tag!

MARC

LEADER 00000nas a22000003a 4500
001 stu234317
005 20141123132112.8
008 110913s--------------------------------d
040 |a STU  |b slo 
041 0
245 |a Acta Environmentalica Universitatis Comenianae :  |b Průmyslová ekologie II. Vědecké práce z konference 
773 0 |t Acta Environmentalica Universitatis Comenianae  |w stu_us_cat*stu234315  |x 1335-0285  |7 nnas 
996 |b 284M080134  |c M*Z-3827  |d 2011, Vol.19, Suppl. 1  |v 2011  |i Vol.19, Suppl. 1  |l MMKN  |s A  |a 24  |w stu234317_0001